000 01211cam a2200337 a 4500
001 3059151
003 CEME
005 20210628201618.0
008 960404s1995 enka b 001 0 eng d
010 _a 96133907
015 _aGB95-75990
020 _a012175720X
035 _a(OCoLC)32901735
040 _aNcRS
_cNcRS
_dIU
_dPPiU
_dUk
_dDLC
042 _alccopycat
050 0 4 _aTK6680.5
_b.C57 1995
100 1 _aClarke, R. J.
_956006
245 1 0 _aDigital compression of still images and video;SIGNALPROCESSING AND ITS APPLICATIONS
_cR.J. Clarke.
260 _aLondon ;
_aNew York :
_bAcademic Press,
_cc1995.
300 _axx, 453 p. :
_bill. (some col.) ;
_c24 cm.
440 0 _aSignal processing and its applications
_956007
504 _aIncludes bibliographical references (p. [411]-447) and index.
650 0 _aDigital video.
_955774
650 0 _aCoding theory.
_93106
650 0 _aVideo compression.
_956008
650 0 _aImage compression.
_956009
653 0 _aImage processing
856 4 2 _3Publisher description
_uhttp://www.loc.gov/catdir/description/els032/96133907.html
856 4 1 _3Table of contents
_uhttp://www.loc.gov/catdir/toc/els032/96133907.html
942 _2ddc
_cBK
999 _c566574
_d566574